000 00327nam a22001337a 4500
008 170613b xxu||||| |||| 00| 0 eng d
020 _a9780691025612
041 _aeng
080 _a94(7/8(
100 _a19
101 _aSHH
245 _aWHIRLPOL U.S FOREIGN POLICY LOWARD LATIN AMERICA
_cPASTOR.R.A
942 _2udc
_cBK
999 _c17239
_d17239